| 000 | 00435 a2200169 4500 | ||
|---|---|---|---|
| 020 | _a817722512X | ||
| 024 | _a9788177225129 | ||
| 082 | _a658 | ||
| 090 |
_c5133 _d5133 |
||
| 100 | _aGriffin, Ricky W. | ||
| 245 |
_aManagement _cRicky W. Griffin |
||
| 250 |
_a8th Ed. _b2005 Indian Adaption |
||
| 260 |
_aNew Delhi, India _bAn Imprint of Dremtech Press _c2005 |
||
| 300 | _a880 | ||
| 500 | _apapercover | ||
| 942 |
_aNBS _cBK _k658 GRI |
||
| 999 |
_c347553 _d347553 |
||